000 00315nam a22001337a 4500
008 171018b xxu||||| |||| 00| 0 eng d
020 _a0256030758
041 _aeng
080 _a338
100 _a53
101 _aMEN
245 _aMANAGEMENT SYSTEMS CONCEPTUAL CONSIDERATIONS
_cSCHODERBEK,P.P
942 _2udc
_cBK
999 _c34805
_d34805